[Event "16. Open Internacional de Gros"]
[Site "San Sebastián ESP"]
[Date "2006.09.25"]
[Round "5.1"]
[White "Meijers Vi, Sturs"]
[Black "Kasparov, Sergey"]
[Result "1/2-1/2"]
[WhiteElo "2474"]
[BlackElo "2491"]
[PlyCount "75"]
[EventDate "2006.09.21"]
[EventType "swiss"]
[EventRounds "9"]
[EventCountry "ESP"]
[Source "lmi"]
[SourceDate "2006.09.21"]

1. e4 c6 2. d4 d5 3. exd5 cxd5 4. c4 Nf6 5. Nc3 g6 6. Qb3 Bg7 7. cxd5 O-O 8.
Be2 Na6 9. Bf3 Qb6 10. Nge2 Qxb3 11. axb3 Nb4 12. O-O Rd8 13. Ra5 h6 14. h3 g5
15. Bd2 Rb8 16. Rxa7 Nbxd5 17. Nxd5 Nxd5 18. Rc1 Be6 19. b4 Bf6 20. b5 b6 21.
Rc6 Ra8 22. Ra6 Rab8 23. Ra4 Ra8 24. Ra6 Rab8 25. Kh2 Kg7 26. Ra4 Bf5 27. Ng3
Bd3 28. Be2 Bxe2 29. Nxe2 Ra8 30. Ra6 Rxa6 31. bxa6 Ra8 32. Nc3 Nxc3 33. Bxc3
Rxa6 34. g4 e6 35. Kg2 Kf8 36. Bb4+ Kg7 37. Bc5 Ra4 38. b4 1/2-1/2

[Event "16. Open Internacional de Gros"]
[Site "San Sebastián ESP"]
[Date "2006.09.25"]
[Round "5.2"]
[White "Paunovic, Dragan"]
[Black "Rizouk, Aimen"]
[Result "1/2-1/2"]
[WhiteElo "2506"]
[BlackElo "2447"]
[PlyCount "79"]
[EventDate "2006.09.21"]
[EventType "swiss"]
[EventRounds "9"]
[EventCountry "ESP"]
[Source "lmi"]
[SourceDate "2006.09.21"]

1. d4 Nf6 2. Nf3 e6 3. c4 b6 4. g3 Ba6 5. Qb3 Nc6 6. Nbd2 Na5 7. Qc2 c5 8. dxc5
bxc5 9. Bg2 Be7 10. O-O O-O 11. b3 Qc7 12. Bb2 Nc6 13. Rac1 Bb7 14. Rfd1 h6 15.
e3 d6 16. Bc3 Rfd8 17. a3 a5 18. Bxf6 gxf6 19. Ne4 a4 20. bxa4 f5 21. Nc3 Rd7
22. e4 fxe4 23. Qxe4 Qd8 24. Rb1 Rc8 25. Qg4+ Kh8 26. Nb5 Ra8 27. Qf4 Kg8 28.
Qg4+ Kh8 29. Qh5 Qf8 30. Nc3 Qg7 31. Ne4 Rad8 32. Ned2 Ba8 33. Nf1 Ra7 34. Ne3
Rxa4 35. h4 Kg8 36. Rb6 Rxa3 37. Ng4 Qg6 38. Qxg6+ fxg6 39. Nxh6+ Kg7 40. Ng4
1/2-1/2

[Event "16. Open Internacional de Gros"]
[Site "San Sebastián ESP"]
[Date "2006.09.25"]
[Round "5.3"]
[White "Aabling-Thomsen, Jakob"]
[Black "Argandona Rivero, Inigo"]
[Result "1/2-1/2"]
[WhiteElo "2271"]
[BlackElo "2366"]
[PlyCount "78"]
[EventDate "2006.09.21"]
[EventType "swiss"]
[EventRounds "9"]
[EventCountry "ESP"]
[Source "lmi"]
[SourceDate "2006.09.21"]

1. e4 c5 2. Nf3 d6 3. Nc3 Nf6 4. Bc4 Nc6 5. d4 cxd4 6. Nxd4 Bd7 7. O-O g6 8.
Nxc6 Bxc6 9. Nd5 Bg7 10. Bg5 e6 11. Nxf6+ Bxf6 12. Bxf6 Qxf6 13. Qxd6 Qxb2 14.
Rab1 Qf6 15. Rxb7 Rc8 16. Rd1 Bxb7 17. Bb5+ Bc6 18. Bxc6+ Rxc6 19. Qb8+ Ke7 20.
Qb4+ Ke8 21. Qb8+ Ke7 22. Qxa7+ Kf8 23. Qa8+ Kg7 24. Qxc6 Rd8 25. Rf1 Qb2 26.
a4 Rd2 27. Qb5 Qd4 28. Qc6 Qb2 29. c4 Qd4 30. c5 Ra2 31. Qd6 Qxe4 32. h3 Rxa4
33. Rc1 Qd4 34. Qg3 Qd2 35. Rc3 Qe1+ 36. Kh2 Ra1 37. Qf3 Qe5+ 38. Qg3 Qe1 39.
Qf3 Qe5+ 1/2-1/2

[Event "16. Open Internacional de Gros"]
[Site "San Sebastián ESP"]
[Date "2006.09.25"]
[Round "5.4"]
[White "Pinilla Santibanez, Roberto"]
[Black "Garcia Castro, Pablo"]
[Result "0-1"]
[WhiteElo "2114"]
[BlackElo "2336"]
[PlyCount "48"]
[EventDate "2006.09.21"]
[EventType "swiss"]
[EventRounds "9"]
[EventCountry "ESP"]
[Source "lmi"]
[SourceDate "2006.09.21"]

1. e4 Nf6 2. Nc3 d6 3. d4 e5 4. dxe5 dxe5 5. Qxd8+ Kxd8 6. Bc4 Be6 7. Bxe6 fxe6
8. Bg5 Nbd7 9. O-O-O a6 10. f4 Ke8 11. Nf3 Ng4 12. Rhe1 h6 13. a3 hxg5 14. Nxg5
Ngf6 15. Nxe6 Rc8 16. Nd5 c6 17. Ne3 exf4 18. Nf5 g6 19. Nxf8 Kxf8 20. Nd6 Rc7
21. Rf1 Ke7 22. Rxf4 Ne5 23. c4 c5 24. g4 Rd7 0-1

[Event "16. Open Internacional de Gros"]
[Site "San Sebastián ESP"]
[Date "2006.09.25"]
[Round "5.5"]
[White "Sanz Perez, Eduardo"]
[Black "Tung, Kai Ming"]
[Result "1-0"]
[WhiteElo "2182"]
[BlackElo "2080"]
[PlyCount "57"]
[EventDate "2006.09.21"]
[EventType "swiss"]
[EventRounds "9"]
[EventCountry "ESP"]
[Source "lmi"]
[SourceDate "2006.09.21"]

1. f4 b6 2. e4 Bb7 3. Nc3 e6 4. Nf3 Bb4 5. Qe2 Nf6 6. d3 Bxc3+ 7. bxc3 d6 8. g3
Nbd7 9. Bg2 O-O 10. O-O Ne8 11. Ba3 Rb8 12. Rae1 Nc5 13. g4 Qd7 14. f5 Qa4 15.
Bxc5 bxc5 16. fxe6 fxe6 17. Ng5 Rxf1+ 18. Qxf1 Qd7 19. e5 h6 20. Bxb7 hxg5 21.
Be4 dxe5 22. Bg6 c4 23. Qf2 cxd3 24. cxd3 c6 25. h4 Qc7 26. hxg5 Qb6 27. d4 Nd6
28. Rxe5 Nc4 29. Bf7+ 1-0

[Event "16. Open Internacional de Gros"]
[Site "San Sebastián ESP"]
[Date "2006.09.25"]
[Round "5.6"]
[White "Torres, Patrice"]
[Black "Tung, Siu Hung"]
[Result "1/2-1/2"]
[WhiteElo "2040"]
[BlackElo "2002"]
[PlyCount "79"]
[EventDate "2006.09.21"]
[EventType "swiss"]
[EventRounds "9"]
[EventCountry "ESP"]
[Source "lmi"]
[SourceDate "2006.09.21"]

1. d4 d6 2. c4 g6 3. Nc3 Bg7 4. e4 Nf6 5. Nf3 O-O 6. Be2 Nbd7 7. Be3 e5 8. dxe5
Nxe5 9. Nxe5 dxe5 10. f3 c6 11. Qxd8 Rxd8 12. Kf2 Be6 13. Rhd1 Nd7 14. Kg1 Bf8
15. Na4 Be7 16. b3 f6 17. g4 g5 18. Kf2 Kf7 19. Rac1 b6 20. h4 h6 21. Rh1 Rh8
22. Rh2 Kg7 23. Kg2 Nf8 24. hxg5 hxg5 25. Rxh8 Kxh8 26. Nc3 Kg7 27. Bf1 Bb4 28.
Ne2 Rd8 29. Ng3 Kg6 30. Be2 Rd7 31. Rd1 Rxd1 32. Bxd1 Bd7 33. Kf2 Ne6 34. Ne2
Kf7 35. Bc1 Ke7 36. Ke3 Bc5+ 37. Kd3 Kd6 38. Kc3 a5 39. Kd3 b5 40. Bd2 1/2-1/2

[Event "16. Open Internacional de Gros"]
[Site "San Sebastián ESP"]
[Date "2006.09.25"]
[Round "5.8"]
[White "Calderon Vallejo, Jonathan"]
[Black "Lakunza Plazaola, Asier"]
[Result "1/2-1/2"]
[WhiteElo "2029"]
[BlackElo "1922"]
[PlyCount "66"]
[EventDate "2006.09.21"]
[EventType "swiss"]
[EventRounds "9"]
[EventCountry "ESP"]
[Source "lmi"]
[SourceDate "2006.09.21"]

1. e4 e5 2. Bc4 Nc6 3. Ne2 Nf6 4. Nbc3 Nxe4 5. Nxe4 d5 6. Bxd5 Qxd5 7. N2c3 Qd8
8. d3 Be7 9. O-O O-O 10. f4 f5 11. Ng3 Bc5+ 12. Kh1 a6 13. Nge2 Bd6 14. Be3 b6
15. d4 exd4 16. Nxd4 Nxd4 17. Qxd4 Bb7 18. Rad1 Rf6 19. Qc4+ Kh8 20. Bg1 Rh6
21. Nd5 Qf8 22. Rfe1 Rd8 23. a4 Rg6 24. b4 Qf7 25. Rd2 Bxb4 26. Qxb4 Bxd5 27.
c4 Bxg2+ 28. Rxg2 Rxg2 29. Kxg2 Qg6+ 30. Kf1 Qg4 31. Bf2 Qxf4 32. Qe7 Qxc4+ 33.
Kg1 Qg4+ 1/2-1/2

[Event "XVI Open Internacional Gros Xa"]
[Site "Donostia - San Sebastin"]
[Date "2006.09.25"]
[Round "5.9"]
[White "Mendikute Fierro, Claudio"]
[Black "Espin Laborde, Jesus M"]
[Result "1-0"]
[WhiteElo "2027"]
[BlackElo "1800"]
[PlyCount "131"]
[EventDate "2006.09.21"]
[EventRounds "9"]
[EventCountry "AUT"]

1. e4 c5 2. c3 d5 3. exd5 Qxd5 4. d4 cxd4 5. cxd4 Nf6 6. Nc3 Qd8 7. Nf3 e6 8.
Bd3 a6 9. O-O Be7 10. Be3 O-O 11. Qc2 h6 12. Qd2 Re8 13. Rac1 Nc6 14. a3 Bd7
15. Rfd1 Na5 16. Qe2 Rc8 17. Ne5 Bd6 18. Bc2 b5 19. Qd3 Nc4 20. Nxc4 bxc4 21.
Qe2 Bc6 22. Ba4 Bxa4 23. Nxa4 Qc7 24. h3 Nd5 25. Nc3 Nf4 26. Bxf4 Bxf4 27. Rc2
Bg5 28. Ne4 Be7 29. Rdc1 Qb7 30. Rxc4 Rxc4 31. Rxc4 Rc8 32. Nc5 Qd5 33. b4 Rc6
34. Qd3 g6 35. Rc1 Bf6 36. Rd1 Be7 37. Nxa6 Rc4 38. Nc5 Bf6 39. Nb3 Kg7 40. Kf1
h5 41. Rc1 Rxc1+ 42. Nxc1 Bxd4 43. Nb3 e5 44. Nxd4 exd4 45. b5 Qc5 46. a4 Qb4
47. a5 Qxa5 48. Qxd4+ Kh7 49. b6 Qb5+ 50. Kg1 Qc6 51. Kh2 g5 52. Qb2 Qd6+ 53.
g3 h4 54. b7 hxg3+ 55. fxg3 Qb8 56. Kg2 Kg6 57. Qc2+ Kg7 58. Qc8 Qe5 59. Kf3 f5
60. b8=Q Qe4+ 61. Kf2 Qd4+ 62. Ke2 Qe4+ 63. Kd2 Qd4+ 64. Kc2 Qf2+ 65. Kb3 Qf3+
66. Qc3+ 1-0

[Event "16. Open Internacional de Gros"]
[Site "San Sebastián ESP"]
[Date "2006.09.26"]
[Round "6.2"]
[White "Kasparov, Sergey"]
[Black "Sanz Perez, Eduardo"]
[Result "1-0"]
[WhiteElo "2491"]
[BlackElo "2182"]
[PlyCount "85"]
[EventDate "2006.09.21"]
[EventType "swiss"]
[EventRounds "9"]
[EventCountry "ESP"]
[Source "lmi"]
[SourceDate "2006.09.21"]

1. e4 e6 2. d4 d5 3. Nd2 c5 4. exd5 Qxd5 5. Ngf3 cxd4 6. Bc4 Qd6 7. O-O Nf6 8.
Nb3 Nc6 9. Nbxd4 Nxd4 10. Nxd4 a6 11. Bb3 e5 12. Nf3 Bg4 13. Bg5 Qc7 14. h3 Bh5
15. Qe2 Bd6 16. Qe3 Nd7 17. Rad1 Nc5 18. Nxe5 Bxe5 19. Rd5 Nd7 20. f4 f6 21.
Bh4 Bf7 22. fxe5 Bxd5 23. exf6+ Qe5 24. Qxe5+ Nxe5 25. fxg7 Rg8 26. Bxd5 Rxg7
27. Re1 Kd7 28. Rxe5 Kd6 29. Rf5 Re8 30. Bf3 Rc8 31. Rd5+ Ke6 32. Rd2 Rf8 33.
Kh2 Rf4 34. Bg3 Rb4 35. b3 Rb5 36. c4 Rbg5 37. Bf4 Rf5 38. g3 h5 39. h4 Ra5 40.
a4 Rc5 41. Rd6+ Ke7 42. Rh6 b5 43. Bd6+ 1-0

[Event "16. Open Internacional de Gros"]
[Site "San Sebastián ESP"]
[Date "2006.09.26"]
[Round "6.4"]
[White "Garcia Castro, Pablo"]
[Black "Argandona Rivero, Inigo"]
[Result "1-0"]
[WhiteElo "2336"]
[BlackElo "2366"]
[PlyCount "57"]
[EventDate "2006.09.21"]
[EventType "swiss"]
[EventRounds "9"]
[EventCountry "ESP"]
[Source "lmi"]
[SourceDate "2006.09.21"]

1. g3 c5 2. Bg2 Nc6 3. d3 g6 4. Nf3 Bg7 5. O-O e5 6. e4 Nge7 7. c3 O-O 8. a3 d5
9. b4 b6 10. bxc5 bxc5 11. Nbd2 dxe4 12. Nxe4 c4 13. dxc4 Ba6 14. Nd6 Qa5 15.
Ng5 Rad8 16. Be3 Nf5 17. Nge4 Nxd6 18. Nxd6 Ne7 19. c5 Bxf1 20. Qxf1 Qxc3 21.
Rc1 Qxa3 22. Bg5 f6 23. Be3 Rxd6 24. Ra1 Qb4 25. cxd6 Qxd6 26. Qc4+ Kh8 27. Bc5
Qd8 28. Rxa7 Qd1+ 29. Bf1 1-0

[Event "16. Open Internacional de Gros"]
[Site "San Sebastián ESP"]
[Date "2006.09.26"]
[Round "6.5"]
[White "Tung, Siu Hung"]
[Black "Rodriguez Gonzalez, Javier"]
[Result "0-1"]
[WhiteElo "2002"]
[BlackElo "2222"]
[PlyCount "66"]
[EventDate "2006.09.21"]
[EventType "swiss"]
[EventRounds "9"]
[EventCountry "ESP"]
[Source "lmi"]
[SourceDate "2006.09.21"]

1. e4 e6 2. d4 d5 3. e5 c5 4. c3 Qb6 5. Nf3 Bd7 6. Nbd2 cxd4 7. cxd4 Nc6 8. Nb3
a5 9. Be3 a4 10. Nc5 Bxc5 11. dxc5 Qc7 12. Bf4 Qa5+ 13. Bd2 Qxc5 14. Rc1 Qb6
15. Bd3 f6 16. exf6 Nxf6 17. O-O O-O 18. Re1 Rae8 19. Be3 Qxb2 20. Rc2 Qb4 21.
Bc5 Qg4 22. h3 Qf4 23. Bxf8 Rxf8 24. Qd2 Qd6 25. Rb2 e5 26. Bb1 Bc8 27. Ng5 Qe7
28. Qc2 a3 29. Rb6 e4 30. Qb3 Kh8 31. Nf3 Qf7 32. Nh2 Nd7 33. Re2 Nd4 0-1

[Event "16. Open Internacional de Gros"]
[Site "San Sebastián ESP"]
[Date "2006.09.26"]
[Round "6.7"]
[White "Galarraga Lasa, Jon Gurutz"]
[Black "Pinilla Santibanez, Roberto"]
[Result "0-1"]
[WhiteElo "1844"]
[BlackElo "2114"]
[PlyCount "46"]
[EventDate "2006.09.21"]
[EventType "swiss"]
[EventRounds "9"]
[EventCountry "ESP"]
[Source "lmi"]
[SourceDate "2006.09.21"]

1. e4 e5 2. Nf3 Nc6 3. Bc4 Nf6 4. d3 Bc5 5. O-O d6 6. a3 Bg4 7. Be3 Bb6 8. Nbd2
Qe7 9. b4 Rd8 10. Qe1 O-O 11. h3 Bc8 12. Ba2 Kh8 13. Bg5 h6 14. Bh4 g5 15. Bg3
Nh5 16. Bh2 Rg8 17. Nc4 g4 18. Nxb6 gxf3 19. Qe3 Qg5 20. Qxg5 Rxg5 21. Nxc8
fxg2 22. Rfd1 Nd4 23. Bg3 Nf4 0-1

[Event "16. Open Internacional de Gros"]
[Site "San Sebastián ESP"]
[Date "2006.09.26"]
[Round "6.8"]
[White "Tung, Kai Ming"]
[Black "Juez Villar, Erik"]
[Result "1-0"]
[WhiteElo "2080"]
[BlackElo "1781"]
[PlyCount "49"]
[EventDate "2006.09.21"]
[EventType "swiss"]
[EventRounds "9"]
[EventCountry "ESP"]
[Source "lmi"]
[SourceDate "2006.09.21"]

1. e4 c6 2. d4 d5 3. exd5 cxd5 4. c4 Nf6 5. Nc3 Nc6 6. c5 g6 7. Nf3 Bg7 8. h3
Bf5 9. Bd3 Ne4 10. Be3 O-O 11. O-O Rc8 12. Rb1 Nb4 13. Bxe4 Bxe4 14. Nxe4 dxe4
15. Ng5 Qd5 16. f3 exf3 17. Qxf3 Qxf3 18. Nxf3 h6 19. a3 Nc2 20. Bf2 Rfd8 21.
Rbd1 Rd7 22. Rd2 Nxd4 23. Bxd4 e5 24. Be3 Rxd2 25. Nxd2 1-0

[Event "16. Open Internacional de Gros"]
[Site "San Sebastián ESP"]
[Date "2006.09.26"]
[Round "6.9"]
[White "Iglesias Gonzalez, Veronica"]
[Black "Torres, Patrice"]
[Result "0-1"]
[WhiteElo "1728"]
[BlackElo "2040"]
[PlyCount "60"]
[EventDate "2006.09.21"]
[EventType "swiss"]
[EventRounds "9"]
[EventCountry "ESP"]
[Source "lmi"]
[SourceDate "2006.09.21"]

1. d4 d5 2. c4 c6 3. Nc3 Nf6 4. Bg5 Ne4 5. Nxe4 dxe4 6. Qc2 Qxd4 7. e3 Qd8 8.
b4 Qd6 9. Rb1 h6 10. Bh4 Bf5 11. Qc3 Nd7 12. c5 Qe5 13. Qa3 g5 14. f4 exf3 15.
Nxf3 Qe4 16. Rd1 gxh4 17. Rd4 Qe6 18. Rxh4 Bg7 19. Bc4 Qf6 20. O-O Qc3 21. Qxc3
Bxc3 22. a3 Bg6 23. e4 O-O-O 24. Rb1 Ne5 25. Nxe5 Bxe5 26. b5 Rd4 27. Ba2 Rhd8
28. Bb3 cxb5 29. Rxh6 Rd3 30. Bd5 R3xd5 0-1

[Event "16. Open Internacional de Gros"]
[Site "San Sebastián ESP"]
[Date "2006.09.26"]
[Round "6.10"]
[White "Calderon Vallejo, Jonathan"]
[Black "Lazkano Gaite, Tomas"]
[Result "1-0"]
[WhiteElo "2029"]
[BlackElo "1738"]
[PlyCount "77"]
[EventDate "2006.09.21"]
[EventType "swiss"]
[EventRounds "9"]
[EventCountry "ESP"]
[Source "lmi"]
[SourceDate "2006.09.21"]

1. e4 e5 2. Nf3 Nf6 3. Nc3 Nc6 4. d4 exd4 5. Nxd4 Ne5 6. f4 Ng6 7. e5 Ng8 8.
Bb5 c6 9. Ba4 d6 10. Nxc6 bxc6 11. Bxc6+ Bd7 12. Bxa8 Qxa8 13. O-O dxe5 14.
fxe5 Bc5+ 15. Kh1 Bc6 16. Qg4 N8e7 17. Bf4 Nh4 18. Rg1 Neg6 19. Bg5 Nxg2 20.
Rxg2 O-O 21. Re1 Bf3 22. Qg3 Bxg2+ 23. Qxg2 Qxg2+ 24. Kxg2 Bd4 25. Nd5 Bxb2 26.
Ne7+ Kh8 27. Nxg6+ hxg6 28. Be7 Re8 29. Bd6 Re6 30. c4 f6 31. c5 Bxe5 32. Bxe5
Rxe5 33. Kf3 Rf5+ 34. Ke4 Rf2 35. Rc1 Rxh2 36. c6 Re2+ 37. Kf3 Rxa2 38. c7 Ra3+
39. Kg4 1-0

[Event "16. Open Internacional de Gros"]
[Site "San Sebastián ESP"]
[Date "2006.09.26"]
[Round "6.12"]
[White "Izagirre Alsua, Aritz"]
[Black "Riesco Lekuona, Juan Manuel"]
[Result "0-1"]
[WhiteElo "1720"]
[BlackElo "1974"]
[PlyCount "64"]
[EventDate "2006.09.21"]
[EventType "swiss"]
[EventRounds "9"]
[EventCountry "ESP"]
[Source "lmi"]
[SourceDate "2006.09.21"]

1. c4 e5 2. e4 Nf6 3. Nc3 Bc5 4. Be2 Nc6 5. Nf3 d6 6. d3 h6 7. O-O O-O 8. Na4
Bb6 9. Nxb6 axb6 10. a3 Nd7 11. b4 Nxb4 12. Bb2 Nc6 13. Ne1 f5 14. exf5 Rxf5
15. Nc2 Nc5 16. Rb1 Rg5 17. Bc1 Rg6 18. Bh5 Rf6 19. Be3 Ne6 20. Bf3 Ned4 21.
Bd5+ Be6 22. Bxc6 Nxc6 23. Ra1 Rg6 24. Kh1 Qh4 25. f3 Rf8 26. Bf2 Qg5 27. Bg3
Ne7 28. Rg1 h5 29. Bf2 h4 30. Qe2 Nf5 31. Raf1 Rh6 32. Be1 Ng3+ 0-1

[Event "XVI Open Internacional Gros Xa"]
[Site "Donostia - San Sebastin"]
[Date "2006.09.27"]
[Round "7.1"]
[White "Garcia Castro, Pablo"]
[Black "Kasparov, Sergey"]
[Result "0-1"]
[WhiteElo "2336"]
[BlackElo "2491"]
[PlyCount "90"]
[EventDate "2006.09.21"]
[EventRounds "9"]
[EventCountry "AUT"]

1. g3 e5 2. d3 d5 3. Nf3 Bd6 4. Bg2 Nf6 5. O-O O-O 6. Nbd2 Re8 7. e4 c6 8. b3
Nbd7 9. Bb2 a5 10. a4 Qc7 11. h3 dxe4 12. dxe4 Bc5 13. Qe2 b6 14. Rfd1 Ba6 15.
Nc4 Qa7 16. Nfd2 Rad8 17. Qf3 Qc7 18. g4 Nf8 19. Bf1 Ng6 20. Ne3 Bxf1 21. Ndxf1
Bd4 22. c3 Bxe3 23. Nxe3 Rxd1+ 24. Rxd1 Rd8 25. g5 Rxd1+ 26. Nxd1 Nd7 27. b4
Qd6 28. bxa5 bxa5 29. c4 Ndf8 30. Ba3 Qd4 31. Bxf8 Nxf8 32. Ne3 Ne6 33. h4 Qa1+
34. Qd1 Qxd1+ 35. Nxd1 Kf8 36. Ne3 f6 37. gxf6 gxf6 38. Nf5 Nc5 39. Nd6 Ke7 40.
Nf5+ Kd7 41. f3 Nxa4 42. Ne3 Nb2 43. Kf1 a4 44. Ke1 a3 45. Nc2 Nxc4 0-1

[Event "XVI Open Internacional Gros Xa"]
[Site "Donostia - San Sebastin"]
[Date "2006.09.27"]
[Round "7.2"]
[White "Meijers Vi, Sturs"]
[Black "Rizouk, Aimen"]
[Result "0-1"]
[WhiteElo "2474"]
[BlackElo "2447"]
[PlyCount "96"]
[EventDate "2006.09.21"]
[EventRounds "9"]
[EventCountry "AUT"]

1. e4 e5 2. Nf3 Nc6 3. Bb5 Nf6 4. Qe2 Bc5 5. g3 O-O 6. O-O Re8 7. d3 a6 8. Ba4
b5 9. Bb3 h6 10. a4 b4 11. Be3 Bf8 12. a5 Rb8 13. c4 Ng4 14. Nbd2 Nxe3 15. fxe3
Bc5 16. Qf2 Qf6 17. Kh1 Rf8 18. Qe2 Qe7 19. h3 d6 20. Qf2 Ba7 21. Qe1 g6 22.
Qf2 Kg7 23. d4 exd4 24. exd4 Qf6 25. c5 dxc5 26. dxc5 Qe7 27. Rfc1 Rb5 28. Bd5
Bxc5 29. Qe2 Nxa5 30. e5 Rd8 31. Be4 Bb6 32. b3 Rc5 33. Bd3 Rcd5 34. Bxa6 Bxa6
35. Qxa6 Rxd2 36. Nxd2 Rxd2 37. Rxa5 Qg5 38. Rg1 Bxg1 39. Qf6+ Qxf6 40. exf6+
Kxf6 41. Kxg1 Rc2 42. Rb5 c5 43. Kh1 Ke5 44. h4 Kd4 45. Rb7 Rf2 46. Rc7 h5 47.
Re7 c4 48. bxc4 Kxc4 0-1

[Event "16. Open Internacional de Gros"]
[Site "San Sebastián ESP"]
[Date "2006.09.27"]
[Round "7.6"]
[White "Sanz Perez, Eduardo"]
[Black "Calderon Vallejo, Jonathan"]
[Result "0-1"]
[WhiteElo "2182"]
[BlackElo "2029"]
[PlyCount "97"]
[EventDate "2006.09.21"]
[EventType "swiss"]
[EventRounds "9"]
[EventCountry "ESP"]
[Source "lmi"]
[SourceDate "2006.09.21"]

1. f4 Nf6 2. Nf3 d5 3. e3 g6 4. d4 Bg7 5. Bd3 b6 6. c3 Bb7 7. Nbd2 Nbd7 8. Ne5
O-O 9. Qa4 a6 10. O-O c5 11. Ndf3 b5 12. Qd1 Qc7 13. Bd2 Nb6 14. f5 Ne4 15.
fxg6 hxg6 16. Qe1 Bf6 17. Ng4 Kg7 18. Nfe5 Nd7 19. Bxe4 dxe4 20. Qg3 Bxe5 21.
dxe5 Bd5 22. Qf4 Rh8 23. Be1 Qc6 24. Bg3 Rh5 25. b3 Rah8 26. Qf2 Be6 27. Qe2
Rg5 28. Rf4 Bxg4 29. Rxg4 Rxg4 30. Qxg4 Rh5 31. e6 Nf6 32. Qe2 Qxe6 33. c4 Qc6
34. Rd1 Nd7 35. Qg4 Nb6 36. cxb5 axb5 37. Bh4 f6 38. Bg3 Rd5 39. h3 Rxd1+ 40.
Qxd1 Nd5 41. Qd2 c4 42. bxc4 bxc4 43. Be1 c3 44. Qc2 Nxe3 45. Qxc3 Qxc3 46.
Bxc3 Nd5 47. Bd4 e5 48. Bc5 Nc3 49. a3 0-1

[Event "XVI Open Internacional Gros Xa"]
[Site "Donostia - San Sebastin"]
[Date "2006.09.27"]
[Round "7.7"]
[White "Lakunza Plazaola, Asier"]
[Black "Pinilla Santibanez, Roberto"]
[Result "1/2-1/2"]
[WhiteElo "1922"]
[BlackElo "2114"]
[PlyCount "111"]
[EventDate "2006.09.21"]
[EventRounds "9"]
[EventCountry "AUT"]

1. e4 e5 2. Nf3 Nc6 3. Bb5 a6 4. Bxc6 dxc6 5. d4 exd4 6. Qxd4 Qxd4 7. Nxd4 c5
8. Ne2 Bd7 9. Be3 Bc6 10. f3 O-O-O 11. Nbc3 Nf6 12. Kf2 Nd7 13. Bf4 g6 14. Rad1
Bg7 15. Bc1 Rhf8 16. Nd5 Rde8 17. Ne3 f5 18. exf5 gxf5 19. c3 Ne5 20. f4 Ng6
21. Rhe1 Nh4 22. Ng1 Be4 23. g3 Ng6 24. Nf3 h6 25. Nc4 Rf7 26. Nfd2 Rfe7 27.
Nxe4 Rxe4 28. Rxe4 Rxe4 29. Ne3 Ne7 30. Kf3 Re6 31. h3 h5 32. Rd2 c6 33. Re2
Kd7 34. Nc4 Rxe2 35. Kxe2 b5 36. Ne3 Ke6 37. c4 bxc4 38. Nxc4 Kd5 39. Kd3 Nc8
40. b3 Bf6 41. Ba3 Bd4 42. Ne3+ Bxe3 43. Kxe3 Nd6 44. Bb2 c4 45. Kf3 cxb3 46.
axb3 Ne4 47. g4 hxg4+ 48. hxg4 Nd2+ 49. Ke3 Nxb3 50. gxf5 Nc5 51. f6 Ke6 52.
f5+ Kf7 53. Kd4 Na4 54. Ba1 Kxf6 55. Kc4+ Kxf5 56. Kb4 1/2-1/2

[Event "16. Open Internacional de Gros"]
[Site "San Sebastián ESP"]
[Date "2006.09.27"]
[Round "7.8"]
[White "Zubia Aramburu, Mikel"]
[Black "Tung, Siu Hung"]
[Result "0-1"]
[WhiteElo "1922"]
[BlackElo "2002"]
[PlyCount "94"]
[EventDate "2006.09.21"]
[EventType "swiss"]
[EventRounds "9"]
[EventCountry "ESP"]
[Source "lmi"]
[SourceDate "2006.09.21"]

1. c4 d6 2. d4 g6 3. Nc3 Nf6 4. g3 Bg7 5. Bg2 Nbd7 6. Bg5 c5 7. e3 h6 8. Bxf6
Bxf6 9. Nge2 O-O 10. O-O Re8 11. Rc1 Rb8 12. Nd5 Bg7 13. b4 e6 14. Ndf4 cxb4
15. Nd3 a5 16. e4 b6 17. d5 Nc5 18. Ne1 exd5 19. exd5 Qe7 20. Nd4 Qf6 21. Nc6
Ra8 22. Nf3 Bf5 23. Nfd4 Bd7 24. Qc2 h5 25. Rfe1 h4 26. Nb5 Bf5 27. Qd2 Rxe1+
28. Rxe1 Kh7 29. gxh4 Qxh4 30. Re7 Ne4 31. Qe3 Be5 32. Nxe5 Qxe7 33. Nc6 Qg5
34. f4 Qf6 35. Bxe4 Re8 36. Qd4 Qxd4+ 37. Ncxd4 Rxe4 38. Nxf5 gxf5 39. Nxd6
Rxf4 40. Nxf7 Rxc4 41. Ng5+ Kg6 42. Ne6 Kf6 43. Kf2 Rc2+ 44. Ke3 Rxa2 45. Kd4
Rc2 46. Nf4 b3 47. d6 b2 0-1

[Event "16. Open Internacional de Gros"]
[Site "San Sebastián ESP"]
[Date "2006.09.27"]
[Round "7.10"]
[White "Juez Villar, Erik"]
[Black "Saenz Zabala, Juan Ignacio"]
[Result "1-0"]
[WhiteElo "1781"]
[BlackElo "1850"]
[PlyCount "51"]
[EventDate "2006.09.21"]
[EventType "swiss"]
[EventRounds "9"]
[EventCountry "ESP"]
[Source "lmi"]
[SourceDate "2006.09.21"]

1. b3 b6 2. f4 Bb7 3. Bb2 d6 4. e3 e5 5. Nf3 Nd7 6. fxe5 dxe5 7. Bc4 Bd6 8. O-O
Ngf6 9. Qe1 Qe7 10. a4 O-O 11. Nc3 e4 12. Nd4 Ng4 13. h3 Qe5 14. Rf4 Nh6 15.
Ndb5 Qe7 16. Nxd6 cxd6 17. Rb1 Ne5 18. Nxe4 d5 19. Nf6+ gxf6 20. Qh4 Kg7 21.
Rbf1 Ng8 22. Bd3 Nxd3 23. cxd3 d4 24. Bxd4 Rad8 25. Qg5+ Kh8 26. Rg4 1-0

[Event "XVI Open Internacional Gros Xa"]
[Site "Donostia - San Sebastin"]
[Date "2006.09.28"]
[Round "8.1"]
[White "Kasparov, Sergey"]
[Black "Rizouk, Aimen"]
[Result "1/2-1/2"]
[WhiteElo "2491"]
[BlackElo "2447"]
[PlyCount "38"]
[EventDate "2006.09.21"]
[EventRounds "9"]
[EventCountry "AUT"]

1. e4 e5 2. Nf3 Nf6 3. Nxe5 d6 4. Nf3 Nxe4 5. Nc3 Nxc3 6. dxc3 Be7 7. Bf4 Nc6
8. Qd2 Be6 9. O-O-O Qd7 10. Kb1 a6 11. Be2 O-O-O 12. Ng5 Bxg5 13. Bxg5 f6 14.
Be3 Rde8 15. h3 Ne7 16. Qd4 Nc6 17. Qd2 Ne7 18. Qd4 Nc6 19. Qd2 Ne7 1/2-1/2

[Event "XVI Open Internacional Gros Xa"]
[Site "Donostia - San Sebastin"]
[Date "2006.09.28"]
[Round "8.2"]
[White "Rodriguez Gonzalez, Javier"]
[Black "Meijers Vi, Sturs"]
[Result "0-1"]
[WhiteElo "2222"]
[BlackElo "2474"]
[PlyCount "47"]
[EventDate "2006.09.21"]
[EventRounds "9"]
[EventCountry "AUT"]

1. d4 f5 2. g3 d6 3. Bg2 Nf6 4. Nh3 g6 5. Nf4 c6 6. Nc3 Bg7 7. h4 e5 8. dxe5
dxe5 9. Qxd8+ Kxd8 10. Nd3 e4 11. Nf4 Na6 12. a3 Ng4 13. Bd2 Nc7 14. Bh3 Ne5
15. O-O-O Ke7 16. h5 Ne6 17. Rhf1 Nc4 18. h6 Bf6 19. Ncd5+ cxd5 20. Nxd5+ Kf7
21. Nxf6 Nxd2 22. Rxd2 Kxf6 23. Rfd1 Ng5 24. Bg2 0-1

[Event "XVI Open Internacional Gros Xa"]
[Site "Donostia - San Sebastin"]
[Date "2006.09.28"]
[Round "8.3"]
[White "Paunovic, Dragan"]
[Black "Garcia Castro, Pablo"]
[Result "1-0"]
[WhiteElo "2506"]
[BlackElo "2336"]
[PlyCount "60"]
[EventDate "2006.09.21"]
[EventRounds "9"]
[EventCountry "AUT"]

1. c4 e5 2. Nc3 Nc6 3. g3 Bc5 4. Bg2 a6 5. e3 d6 6. Nge2 Ba7 7. h3 Nge7 8. O-O
O-O 9. b3 Rb8 10. Bb2 b5 11. d3 Qd7 12. Rc1 Nd8 13. Nd5 Bb7 14. d4 Nxd5 15.
cxd5 f6 16. Kh2 Re8 17. e4 b4 18. h4 Re7 19. f4 Bb6 20. Bh3 Qb5 21. dxe5 dxe5
22. fxe5 Nf7 23. e6 Nd6 24. Bg2 Rd8 25. Nf4 Qa5 26. Qg4 Ne8 27. Nh5 Qxa2 28.
Nxf6+ Kh8 29. Nxh7 Rxe6 30. dxe6 Qxb2 1-0